| 000 | 01461nam a22003137a 4500 | ||
|---|---|---|---|
| 999 |
_c200442154 _d60366 |
||
| 003 | TR-AnTOB | ||
| 005 | 20210714110639.0 | ||
| 007 | ta | ||
| 008 | 210714s2019 tu o|||| |||| 10| 0 tur d | ||
| 040 |
_aTR-AnTOB _beng _erda _cTR-AnTOB |
||
| 041 |
_atur _aeng |
||
| 050 |
_aHF1372 _b.T533 2019 |
||
| 090 |
_aHF1372 _b.T533 2019 |
||
| 999 | _aSA 14.07.2021 | ||
| 245 |
_aTicaret savaşlarının ardındaki gerçek : _bteknoloji paneli 25 Mayıs 2019, İstanbul = The reality behind trade wars : technology panel 25th May 2019 / _cMaliye Hesap Uzmanları Vakfı = Tax Inspectors Foundation. |
||
| 246 | _aThe reality behind trade wars : technology panel 25th May 2019 | ||
| 264 | 1 |
_a[Place of publication not identified] : _bMaliye Hesap Uzmanları Vakfı, _c[date of publication not identified] |
|
| 300 |
_a80+80 pages : _bphotographs ; _c24 cm |
||
| 336 |
_atext _btxt _2rdacontent |
||
| 337 |
_aunmediated _bn _2rdamedia |
||
| 338 |
_avolume _bnc _2rdacarrier |
||
| 490 |
_aMaliye Hesap Uzmanları Vakfı Yayın No = The Publications of Tax Inspectors' Foundation Publication Number ; _v33 |
||
| 504 | _aIncludes bibliographical references and index. | ||
| 546 | _aTurkish - English bilingual book | ||
| 650 | 7 |
_932202 _aUluslararası ticaret _vKongreler _2etuturkob |
|
| 650 | 7 |
_932780 _aUluslararası ekonomik ilişkiler _vKongreler _2etuturkob |
|
| 650 | 7 |
_9131567 _aUluslararası ticaret _xTeknolojik yeniliklerin etkisi _2etuturkob |
|
| 942 |
_2lcc _cBK |
||